| 000 | 00968cab a2200265 4500 | ||
|---|---|---|---|
| 001 | ABS51959 | ||
| 008 | 090401t1994 xxu||||| |||| 00| 0 eng d | ||
| 035 | _a(Sirsi) u52850 | ||
| 041 | _aeng | ||
| 100 | _aTaylor, P. | ||
| 245 | _aLeases: read and read again | ||
| 260 | _c1994 | ||
| 350 | _a0 | ||
| 490 |
_aEstates Times _v(1260) 2 December 1994, 6(1) |
||
| 520 | _aDiscusses "Co-operative Wholesale Society Ltd v National Westminster Bank" (ABS50690) where it was held that the comparable rent should only disregard the fitting out rent-free period, and all other inducements had to be taken into account. Examines the implications on rent reviews. | ||
| 650 | _aCO-OPERATIVE WHOLESALE SOCIETY LTD V NAT WEST BANK | ||
| 650 | _aCOMPARABLE RENTS | ||
| 650 | _aINDUCEMENTS | ||
| 650 | _aLEASE INCENTIVES | ||
| 650 | _aRENT REVIEWS | ||
| 650 | _aRENT-FREE PERIODS | ||
| 690 | _aLANDLORD AND TENANT-RENT REVIEWS | ||
| 942 | _n0 | ||
| 948 | _c04/03/1997 | ||
| 999 |
_c32625 _d32625 |
||